00318 a2200133 450000100060000002000060000604000220001210000300003424000470006424500420011130000080015336200090016165000140017059276 a  cAnchieta - Pituba aFreitas, Renato Garcia de10aProblemas e exercícios de químicalpor10aProblemas e exercícios de química a2930 a2007 4aQuímica